LEADER 01041nam 2200313Ia 450 001 996385333603316 005 20221108035642.0 035 $a(CKB)4940000000075476 035 $a(EEBO)2240945236 035 $a(OCoLC)12185502 035 $a(EXLCZ)994940000000075476 100 $a19850621d1659 uy | 101 0 $aeng 135 $aurbn||||a|bb| 200 14$aThe shepheards paradise$b[electronic resource] $ea comedy : privately acted before the late King Charls by the Queen's Majesty, and ladies of honour /$fwritten by W. Mountague Esq 210 $aLondon $cPrinted for John Starkey ...$d1659 215 $a[6], 175 p 300 $aPreface signed: T.D. (probably Thomas Dring, the publisher) 300 $aReproduction of original in Huntington Library. 330 $aeebo-0113 700 $aMontagu$b Walter$f1603?-1677.$01001837 801 0$bEAA 801 1$bEAA 801 2$bm/c 801 2$bWaOLN 906 $aBOOK 912 $a996385333603316 996 $aThe shepheard's paradise$92383061 997 $aUNISA